000 01163nam a22003977a 4500
001 BR2023000260
003 BR-BrBNA
005 20230928105718.0
007 ta
008 230509b bl.||||| |||| 00| 0 por d
040 _aBR-BrBNA
_bpor
_cBiblioteca Nacional de Agricultura
041 _a(Por)
072 _aP01; P10; T01
090 _ P01 BR2023000260
100 1 _aCavinatto, V.M.
110 1 _aSecretaria de Estado de Planejamento e Coordenação Geral, Cuiabá, MT (Brasil). Gerência Estadual do PRODEAGRO
_98909
245 1 _aA proteção aos nossos rios
_bProjeto PNUD-BRA/94/006
260 3 _aCuiabá, MT (Brasil):
_c1995.
300 _a22 p.
500 _aGlossary p. 21; 3 ref.; 30 illus.
650 _aRIO
650 _aRECURSO HÍDRICO
650 _aLENÇOL FREÁTICO
650 _aBACIA HIDROGRÁFICA
650 _aINSETICIDA
650 _aPOLUIÇÃO
650 _aPROTEÇÃO AMBIENTAL
650 _aMANEJO DE ÁGUA
650 _aVIVEIRO
650 _aMUDA
650 _aCULTIVO EM CURVA DE NÍVEL
650 _aMATA CILIAR
650 _aAGROSSILVICULTURA
909 _a202309
_bLucia
_c55
_dLucia Elande
942 _cBK
999 _c86312
_d86312